| 000 | 01020cam a2200313 a 4500 | ||
|---|---|---|---|
| 001 | 4000451 | ||
| 003 | OSt | ||
| 005 | 20140310184351.0 | ||
| 008 | 961016s1997 nyu 000 0 eng | ||
| 010 | _a 96047610 | ||
| 020 | _a0380973545 (hardcover) | ||
| 040 |
_aDLC _cDLC _dDLC |
||
| 050 | 0 | 0 |
_aPN 6131 _b.N36 2000 |
| 100 | 1 |
_aNancy, Ted L. _925159 |
|
| 245 | 1 | 0 |
_aLetters from a nut / _cTed L. Nancy ; introduction by Jerry Seinfeld. |
| 250 | _a1st ed. | ||
| 260 |
_aNew York : _bAvon Books, _cc1997. |
||
| 300 | _c25 cm. | ||
| 521 | _aG6 | ||
| 526 | _c840 | ||
| 650 | 0 |
_aLetters _xHumor. _925160 |
|
| 650 | 0 |
_aAmerican wit and humor. _914751 |
|
| 856 | 4 | 2 |
_3Publisher description _uhttp://www.loc.gov/catdir/description/hc041/96047610.html |
| 906 |
_a7 _bcbc _corignew _d1 _eocip _f19 _gy-gencatlg |
||
| 942 |
_2lcc _cBK-SCHOLAS |
||
| 999 |
_c33948 _d33948 |
||